Sports Quiz

Random Sports or WWE Quiz

WWF/WWE European Champions Quiz Stats

Quiz not verified by Sporcle

Challenge
Share
Tweet
Embed
Score 0/37 Timer 07:00
0 Plays Today
Reign # Track % Correct
2Shawn Michaels
90.7%
3Triple H
90.7%
5Triple H
90.7%
4Owen Hart
88.9%
23William Regal
86.1%
25William Regal
86.1%
33William Regal
86.1%
35William Regal
86.1%
1The British Bulldog
84.3%
16The British Bulldog
84.3%
6D-Lo Brown
83.3%
7X-Pac
83.3%
8D-Lo Brown
83.3%
9X-Pac
83.3%
12D-Lo Brown
83.3%
15D-Lo Brown
83.3%
28Matt Hardy
83.3%
18Kurt Angle
82.4%
19Chris Jericho
80.6%
Reign # Track % Correct
36Jeff Hardy
80.6%
31Christian
78.7%
20Eddie Guerrero
76.9%
26Test
76.9%
27Eddie Guerrero
76.9%
10Shane McMahon
75%
14Mark Henry
74.1%
37Rob Van Dam
72.2%
13Jeff Jarrett
69.4%
30Bradshaw
67.6%
22Al Snow
66.7%
17Val Venis
65.7%
34Spike Dudley
65.7%
21Perry Saturn
62%
32DDP
59.3%
11Mideon
57.4%
24Crash Holly
53.7%
29The Hurricane
50.9%

You're not logged in!

Compare scores with friends on all Sporcle quizzes.
Sign Up with Email
OR
Log In

You Might Also Like...

Show Comments

Extras

Top Quizzes Today


Score Distribution

Your Account Isn't Verified!

In order to create a playlist on Sporcle, you need to verify the email address you used during registration. Go to your Sporcle Settings to finish the process.

Report this User

Report this user for behavior that violates our Community Guidelines.

Details: